| Registos Bibliográficos associados ao registo de autoridade |
|
Etiqueta de registo: 01089cam 022002891 04500 001 87619 003 http://id.bnportugal.gov.pt/bib/catbnp/87619 005 19990421172600.0 095 ## $aPTBN00091101 100 ## $a19900607e1970 k y0pora0103 ba 101 0# $apor 102 ## $aPT 200 1# $aManual bibliographico portuguez de livros raros classicos e curiosos$fcoord. Ricardo Pinto de Mattos$grev. e pref. Camillo Castello Branco 205 ## $aReimpressäo revista por Joaquim Ferreira 210 #9 $aPorto$cLivraria Portuense,$d1970 215 ## $aXVI, 640 p.$d22 cm 518 1# $aManual bibliográfico português de livros raros clássicos e curiosos 675 ## $a013(469)$vmed$zpor$3294377 702 #1 $aCastelo Branco,$bCamilo,$f1825-1890$4640$320266 702 #1 $aFerreira,$bJoaquim Francisco,$f1899-?$4640$3127132 702 #1 $aMatos,$bRicardo Pinto de,$f1839?-1882$4340$3787486 801 #0 $aPT$bBN$gRPC 930 ## $lBN$dF. 161$iMicrofilme 966 ## $lBN$mFGMON$nUsual Área de Referência$s015 (469) MAN 966 ## $lBN$mMICROF$nMicrofilme$sF. 161 977 ## $lBN$sF. 161$nMicrofilme$1MSS$2MSS$4loc$50$3i 998 ## $aCR205 - 00033
Etiqueta de registo: 01162cam 022003371 04500 001 77616 003 http://id.bnportugal.gov.pt/bib/catbnp/77616 005 19990421172100.0 095 ## $aPTBN00080685 100 ## $a19950301d1878 k y0pora0103 ba 101 0# $apor 102 ## $aPT 105 ## $ay z 000yy 106 ## $ar 200 1# $aManual bibliographico portuguez de livros raros, classicos e curiosos$fcoordenado por Ricardo Pinto de Matos$grevisto e prefaciado pelo Snr. Camilo Castelo Branco 210 #9 $aPorto$cLivraria Portuense,$d1878 215 ## $aXII, 582, [1] p.$d21 cm 317 ## $aPert.: António Alberto Marinho Duarte de Sousa$5PTBN: D.S. XIX - 897 321 1# $aDuarte de Sousa 2, 476 500 11 $aManual bibliográfico português de livros raros, clássicos e curiosos 606 ## $j[Bibliografias]$2SIPOR$3288700 620 ## $dPorto 675 ## $a013(469)$vmed$zpor$3294377 675 ## $a015(469)$vmed$zpor$3312005 702 #1 $aMatos,$bRicardo Pinto de,$f1839?-1882$4340$3787486 702 #1 $aCastelo Branco,$bCamilo,$f1825-1890$4080$320266 702 #1 $aSousa,$bAntónio Alberto Marinho Duarte de,$f1896-1950$4390$3933589 801 #0 $aPT$bBN$gRPC 856 40 $2Cópia digital disponível em Google Books$uhttps://books.google.pt/books?id=aAIVAAAAIAAJ&hl=pt-BR&pg=PR3#v=onepage&q&f=false 966 ## $lBN$mFGMON$nExiste exemplar em livre acesso na Área de Referência$sB. 382 V. 966 ## $lBN$mFGMON$nExiste exemplar em livre acesso na Área de Referência$sB. 728 V. 966 ## $lBN$mFGMON$nExiste exemplar em livre acesso na Área de Referência$sB. 818 V. 966 ## $lBN$mFGMON$nUsual de Reservados$sB. 5327 V. 966 ## $lBN$mFGMON$sB. 7567 V. 966 ## $lBN$mFGMON$nExiste exemplar em livre acesso na Área de Referência$p {ºd$sB. 7568 V. 966 ## $lBN$mFGMON$nExiste exemplar em livre acesso na Área de Referência$p {ºd$sB. 7570 V. 966 ## $lBN$mFGMON$nExiste exemplar em livre acesso na Área de Referência$sB. 4151 V. 966 ## $lBN$mFGMON$nExiste exemplar em livre acesso na Área de Referência$sB. 5726 V. 966 ## $lBN$mRESIMP$sD.S. XIX - 897 995 ## $aPRR2024 $d20240625$idfontes 998 ## $aCR158 - 00153
Etiqueta de registo: 01284cam 022003371 04500 001 197691 003 http://id.bnportugal.gov.pt/bib/catbnp/197691 005 19981130021100.0 095 ## $aPTBN00205208 100 ## $a19000001d1880 m y0pora0103 ba 101 0# $apor 102 ## $aPT 200 1# $aCatalogo da Camoneana da Bibliotheca Publica Municipal do Porto$fordenado por um dos officiaes guarda-salas da mesma Bibliotheca 210 #9 $aPorto$cTypographia de Manoel José Pereira,$d1880 215 ## $a69, [3 br.] p.$d25 cm 314 ## $aCatálogo elaborado por Ricardo Pinto de Matos, bibliotecário da Bib. Pública Municipal
do Porto (cf. nota final ao Suplemento a este catálogo) 518 1# $aCatálogo da Camoniana da Biblioteca Pública Municipal do Porto 606 ## $j[Bibliografias]$2SIPOR$3288700 675 ## $a012$vmed$zpor$3289884 675 ## $a012Camões, Luís de$vmed$zpor$3675227 675 ## $a869.0 Camöes L. (01)$vmed$zpor$3395690 675 ## $a869.0-1(01) Camöes, L. V. de$vmed$zpor$3312429 700 #1 $aMatos,$bRicardo Pinto de,$f1839?-1882$3787486 711 01 $aPorto.$bBiblioteca Pública Municipal$4070$313561 801 #0 $aPT$bBN$gRPC 856 40 $uhttps://purl.pt/44210 856 41 $uhttps://purl.pt/44210/service/media/cover/low 856 49 $uhttps://purl.pt/44210/service/media/pdf$qapplication/pdf 958 ## $aBND$bLivre$cDigitalizado$d1$ehttps://purl.pt/44210/service/media/cover/max 966 ## $lBN$mFGMON$sB. 2832//17 P. $x0 966 ## $lBN$mFGMON$sB. 3778//1 V. 966 ## $lBN$mFGMON$sB. 7483 V. 966 ## $lBN$mRESIMP$sCAM. 118//2 V. 966 ## $lBN$mRESIMP$sCAM. 162//1 V. 966 ## $lBN$mRESIMP$sCAM. 382//2 V. 976 ## $d20250414$rpmesqui 995 ## $aCAM500 $d20240529$idfontes 995 ## $aPRR2024 $d20240625$idfontes 998 ## $aCR410 - 00038
|
|
|